000
00463nam a2200145Ia 4500
008
100122s9999 xx 000 0 und d
082
_b
45664
_a
823
100
_a
सोनवणी संजय
245
_a
अखेरचा सम्राट
260
_b
शब्दसन्मान प्रकाशन
_c
1991
300
_a
250
630
_a
अखेरचा सम्राट
730
_a
अखेरचा सम्राट
942
_c
BOOK
999
_c
425061
_d
425058